Estadísticas para Bandera con Lunas Crecientes

Haz click aquí para intentar la prueba.

Estadísticas generales

  • Esta prueba ha sido intentada 3.598 veces
  • La puntuación promedio es 17 de 19

Estadísticas de respuestas

Respuesta% Correcto
Croacia
98%
Irán
98%
Turquía
98%
Nepal
97%
Argelia
95%
Pakistán
95%
Malasia
94%
Túnez
94%
Azerbaiyán
92%
Singapur
91%
Moldavia
90%
Mongolia
89%
Uzbekistán
88%
Turkmenistán
87%
Libia
85%
Brunéi
84%
Maldivas
79%
Mauritania
78%
Comoras
77%

Distribución de puntuación

Porcentaje por número respondido

Porcentaje de gente con cada puntuación

Historial de tus puntuaciones

No has intentado esta prueba.